000 00450nam a2200145 i 4500
001 58686
003 ES-MaACL
005 20230906163849.0
007 t|
008 031023s1953 it ||||1| ita d
245 0 2 _aL'educazione popolare.
260 _aRoma :
_bMinistero della Publica Istruzione, Conitato Centrale per l'Educacione Popolare,
_c1953 (
_fInstituto Poligráfico dello Stato)
300 _a175 p. ;
_c25 cm.
852 _aES-MaACL
_jC-23795
999 _c58686
_d58686